N'oubliez pas les paroles édition Disney 2 - Statistiques

Statistiques générales
  • Ce quiz a été pris 497 fois
  • Le résultat moyen est 4 sur 15
Statistiques - réponses
Film Disney Phrase à trous Réponse % Correct
Le Roi Lion Un matin de ta vie _________, éblouis par leDieu soleil Sur la planète
77%
La petite Sirène Moi je voudrais parcourir le monde,moi je voudrais _______________ Voir le monde danser
47%
Blanche Neige On pioche tic-tac tic-tac ______ Dans la mine
43%
La princesse et la grenouille Si je rencontre des montagnes __________ Je les soulève
42%
Raiponce Tout ce temps à rêver jours et nuits _______ Tout ce temps à chasser l'ennui
28%
Aladdin Il y du monde au balcon _________ Moi j'ai du voile au menton
25%
La belle et la bête Elle ne parle pas notre langage, ________ Elle est toujours dans les nuages
21%
Encanto Il voit ton esprit ____________ Et rit quand tu cries
17%
Tarzan Tous ses mouvements, tous les gestes qu'elle fait _____________________ Me font des frissons dans le corps
17%
Cendrillon Là dans tes bras, __________ Je sais déjà
10%
La Reine des Neiges 2 Quand le vent frais vient danser ________ Une maman rêve toute éveillée
10%
Dumbo Tu ___________, car certains sont méchants Auras bien le temps
7%
Le Bossu de Notre Dame Mais leur histoire, je ne la connais pas ___________ J'apprends leurs chansons, leurs rires, leurs visages
3%
Oliver et Compagnie Car il faut du savoir faire _____________ Pour faire reluire le pavé
3%
Frère des Ours Alors dîtes leur que je m'en vais _________ Ja pars vers de nouveaux amis
1%
Aucun quiz correspondant
Distribution des résultats
% des personnes avec chaque résultat
Percentile par nombre de réponses
Votre historique - résultats
Vous n’avez pas pris ce quiz